| 000 -CABECERA |
| fixed length control field |
00862nam a22002057a 4500 |
| 003 - IDENTIFICADOR DEL NÚMERO DE CONTROL |
| control field |
AR-CdUCM |
| 008 - DATOS DE LONGITUD FIJA--INFORMACIÓN GENERAL |
| fixed length control field |
190403b ||||| |||| 00| 0 spa d |
| 040 ## - FUENTE DE LA CATALOGACIÓN |
| Agencia/entidad que catalogó originalmente la obra |
MUNICIPALIDAD PROVINCIAL DEL CUSCO |
| Entidad que transcribió la catalogación |
BIBLIOTECA MUNICIPAL DEL CUSCO |
| 082 ## - NÚMERO DE LA CLASIFICACIÓN DECIMAL DEWEY |
| No. de Clasificación |
613.9 / |
| Notacion interna |
J54 / 1942 |
| 100 ## - ENTRADA PRINCIPAL--NOMBRE DE PERSONA |
| Nombre Personal |
Jimenes de Asúa, Luis |
| 245 ## - MENCIÓN DE TÍTULO |
| Título |
Libertad de amar y derecho a morir : |
| Resto del título |
Ensayos de un criminalista sobre eugenesia y eutanasia / |
| 260 ## - PUBLICACIÓN, DISTRIBUCIÓN, ETC. |
| Lugar de publicación, distribución, etc. |
Buenos Aires ; |
| Nombre de la editorial, distribuidor, etc. |
Losada, |
| Fecha de publicación, distribución, etc. |
1942, |
| 300 ## - DESCRIPCIÓN FÍSICA |
| Nº de Páginas Extensión |
529 páginas ; |
| 505 ## - NOTA DE CONTENIDO CON FORMATO |
| Nota de contenido formateada |
Contenido : Ensayo : Aspectos jurídicos de la eugenesia y de la selección -- Introducción -- La progenie sana (profilaxis) -- El matrimonio eugénico (realización) -- La paternidad y la maternidad consciente ... |
| 650 ## - PUNTO DE ACCESO ADICIONAL DE MATERIA--TÉRMINO DE MATERIA |
| Descriptor |
Libertad |
| 9 (RLIN) |
2892 |
| 650 ## - PUNTO DE ACCESO ADICIONAL DE MATERIA--TÉRMINO DE MATERIA |
| Descriptor |
Eugenesia |
| 9 (RLIN) |
28636 |
| 650 ## - PUNTO DE ACCESO ADICIONAL DE MATERIA--TÉRMINO DE MATERIA |
| Descriptor |
Eutanasia |
| 9 (RLIN) |
28637 |
| 942 ## - ELEMENTOS DE PUNTO DE ACCESO ADICIONAL (KOHA) |
| Fuente de clasificación |
|
| Tipo de item |
Libros-BMC |
| 945 ## - PROCESAMIENTO DE INFORMACIÓN LOCAL (OCLC) |
| Catalogador |
rah |